Statistiques concernant Prénoms d'artistes n°2

Cliquez ici pour prendre le quiz!

Statistiques générales

  • Ce quiz a été pris 210 fois
  • Le résultat moyen est 7 sur 15

Statistiques - réponses

PrenomNom de Famille% Correct
Vincentvan Gogh
97%
SalvadorDalí
90%
PaulCézanne
87%
GustavKlimt
52%
MarcChagall
49%
EdvardMunch
46%
Henride Toulouse-Lautrec
43%
PaulKlee
37%
MarcelDuchamp
36%
Peter PaulRubens
36%
JacksonPollock
31%
JoanMiró
31%
CamillePissarro
28%
VassilyKandinsky
20%
GeorgesSeurat
14%

Distribution des résultats

Percentile par nombre de réponses

% des personnes avec chaque résultat

Votre développement - résultats

Vous n’avez pas pris ce quiz